| 000 | 00000nam##2200000za#4500 |
| 001 | 9.571957 |
| 003 | CaOODSP |
| 005 | 20210624183000 |
| 007 | cr ||||||||||| |
| 008 | 150406|1998||||xxc|||||o f|0| 0 eng|d |
| 040 | |aCaOODSP|beng |
| 043 | |an-cn--- |
| 086 | 1 |aC21-27/3-1998-3E-PDF |
| 110 | 1 |aCanada. |bIndustry Canada. |
| 245 | 14|aThe corporate response : |h[electronic resource]|binnovation in the information age / |cby Randall Morck and Bernard Yeung. |
| 260 | |aOttawa - Ontario : |bIndustry Canada |cDecember 1998. |
| 300 | |a76p.|bfig., graphs, references |
| 490 | 1 |aCanada in the 21st century. III, Responding to the challenges|vNo. 10 |
| 500 | |aThe catalogue number (C21-27/3-1998-3) and ISBN (0-662-63960-X) for the bilingual print edition have been incorrectly copied in this electronic publication. |
| 590 | |a11-24-Supp|b2011-10-24 |
| 690 | 07|aInformation technology|2gcpds |
| 690 | 07|aTechnological innovation|2gcpds |
| 720 | 1 |aMorck, Randall |
| 720 | 1 |aYeung, Bernard |
| 775 | 08|tLa réaction des entreprises : |w(CaOODSP)9.602377 |
| 776 | 0#|tThe corporate response: innovation in the information age / |w(CaOODSP)9.531384 |
| 776 | 0#|tLa réaction des entreprises: l'innovation à l'ère de l'information / |w(CaOODSP)9.531385 |
| 830 | #0|aCanada in the 21st century. III, Responding to the challenges ;|vNo. 10|w(CaOODSP)9.506524 |
| 856 | 40|ahttp://publications.gc.ca|qPDF|s187 KB|uhttps://publications.gc.ca/collections/Collection/C21-27-3-1998-3E.pdf|yNo. 10 |